|
|
|
|
| LEADER |
00000nam a2200000 a 4500 |
| 001 |
vtls008408326 |
| 003 |
SK-MaSNL |
| 005 |
20260302004226.0 |
| 008 |
240318s2005 xo a g 000 1dslo |
| 015 |
|
|
|a SNBA2005/12-05654
|
| 020 |
|
|
|a 8085549530
|q (brož.)
|
| 035 |
|
|
|a B56ADD55-DC53-4D30-8873-337B7CF7889F
|
| 035 |
|
|
|a urn:nbn:sk:snk-amje2i
|
| 035 |
|
|
|a urn:nbn:sk:snk-am0012b0
|
| 040 |
|
|
|a SNK
|b slo
|c SNK
|e AACR2
|
| 041 |
0 |
|
|a slo
|
| 044 |
|
|
|a xo
|c SK
|
| 072 |
|
7 |
|a 821.162.4-2
|x Slovenská dráma
|2 konspekt
|
| 080 |
|
|
|a (0:82-25)791
|2 1997
|
| 080 |
|
|
|a 821.162.4-2
|2 1997
|
| 100 |
1 |
|
|a Bodnárová, Jana,
|d 1950-
|4 aut
|9 85509
|
| 245 |
1 |
0 |
|a Insomnia
|c Jana Bodnárová
|
| 250 |
|
|
|a 1. vyd.
|
| 260 |
|
|
|a Bratislava
|b Aspekt
|c 2005
|
| 300 |
|
|
|a 145 s.
|b fotogr.
|c 18 cm
|
| 500 |
|
|
|a Ilustr. na tit. strane
|
| 655 |
|
7 |
|a filmové scenáre
|2 SNKPH
|9 81683
|
| 655 |
|
7 |
|a slovenské drámy
|2 SNKPH
|9 70606
|
| 919 |
|
|
|a 80-85549-53-0
|
| 968 |
|
|
|d 821
|
| 999 |
|
|
|c 995064
|d 996994
|
| 952 |
|
|
|a SNK
|b SNK
|y PREZ
|7 0
|p 17A0489301
|o snkSD 75217
|i snk2005/18900
|8 0
|0 0
|1 0
|4 0
|d 2005-11-08
|l 0
|r 2025-11-24 00:00:00
|w 2026-02-24
|
| 952 |
|
|
|a SNK
|b SNK
|y PREZ
|7 0
|p 17A0489435
|o snkSD 75217 D1
|i snk2005/18901
|8 0
|0 0
|1 0
|4 0
|d 2005-11-08
|f 1
|l 0
|r 2017-06-30 00:00:00
|w 2026-02-24
|